|
|
|
|
| LEADER |
02022nam a2200373 a 4500 |
| 001 |
8783 |
| 003 |
BD-DhAAL |
| 005 |
20231018130027.0 |
| 008 |
090810s1997 bg a b 001 0 eng d |
| 010 |
|
|
|a 96024005
|
| 020 |
|
|
|a 9840514881
|
| 020 |
|
|
|a 1856494411 (hb)
|
| 020 |
|
|
|a 185649442X (pb)
|
| 040 |
|
|
|a DLC
|c DLC
|d DLC
|d BD-DhAAL
|
| 082 |
0 |
0 |
|a 338.90091724
|2 20
|
| 100 |
1 |
|
|a Martinussen, John.
|9 38824
|
| 240 |
1 |
0 |
|a Samfund, state or marked.
|l English
|
| 245 |
1 |
0 |
|a Society, state, and market :
|b a guide to competing theories of development /
|c John Martinussen.
|
| 246 |
1 |
4 |
|a Society, state & market
|
| 260 |
|
|
|a London ;
|a Atlantic Highlands, N.J., USA :
|b Zed Books ;
|a Dhaka ;
|b University press limited,
|c 1997.
|
| 300 |
|
|
|a xiv, 386 pages :
|b illustrations ;
|c 24 cm.
|
| 504 |
|
|
|a Includes bibliographical references (pages 358-373) and index.
|
| 526 |
|
|
|a BIED
|
| 541 |
1 |
|
|a Complimentary copy from BIED
|e 8783, 35822
|
| 650 |
|
0 |
|a Development economics
|z Developing countries.
|9 38825
|
| 651 |
|
0 |
|a Developing countries
|x Economic policy.
|9 38826
|
| 651 |
|
0 |
|a Developing countries
|x Dependency on foreign countries.
|9 38827
|
| 852 |
4 |
|
|a Ayesha Abed Library
|j BIED Collection
|
| 942 |
|
|
|2 ddc
|c BK
|
| 999 |
|
|
|c 3132
|d 3132
|
| 952 |
|
|
|0 0
|1 0
|2 ddc
|4 0
|6 338_900917240000000_MAR_1999
|7 0
|9 2836
|a BRACUL
|b BRACUL
|c GEN
|d 2009-08-30
|g 0.00
|l 2
|m 1
|o 338.90091724 MAR
|p 3010008783
|r 2014-12-24
|s 2014-08-05
|t 1
|w 2009-08-30
|y BK
|x No price found in the accession register.
|
| 952 |
|
|
|0 0
|1 0
|2 ddc
|4 0
|6 338_900917240000000_MAR
|7 0
|9 19022
|a BRACUL
|b BRACUL
|c GEN
|d 2011-12-29
|l 0
|o 338.90091724 MAR
|p 3010007549
|r 2011-12-29
|t 2
|w 2011-12-29
|y BK
|
| 952 |
|
|
|0 0
|1 0
|2 ddc
|4 0
|6 338_900000000000000_009172_4_MAR
|7 0
|9 43476
|a SCL
|b SCL
|c GEN
|d 2004-02-19
|g 500.00
|l 0
|o 338.90091724 MAR
|p 3020004498
|r 2014-08-30
|t 3
|w 2014-08-30
|y BK
|
| 952 |
|
|
|0 0
|1 0
|2 ddc
|4 0
|6 338_900917240000000_MAR
|7 0
|9 67677
|a BRACUL
|b BRACUL
|c GEN
|d 2020-01-07
|e Complimentary copy from BIED
|l 0
|o 338.90091724 MAR
|p 3010035822
|r 2020-01-07
|t 4
|w 2020-01-07
|y BK
|x Transferred from BIED to General Stacks
|